Flags of the Middle East in 1945 - Statistics

General Stats
  • This quiz has been taken 116 times
    85 since last reset
  • The average score is 12 of 16
Answer Stats
Picture Answer % Correct
Lebanon
95%
Emirate of Transjordan
92%
Saudi Arabia
92%
(First) Syrian Republic
88%
Qatar
88%
Bahrain
85%
Iran
85%
Kingdom of Egypt
82%
Kingdom of Iraq
79%
Imamate of Oman (interior of the country)
73%
Mutawakkilite Kingdom of Yemen (North)
68%
Kuwait
63%
Colony of Aden (South Yemen)
52%
Mandatory Palestine
47%
Trucial States (today UAE) [later flag]
45%
Sultanate of Muscat and Oman
42%
No matching quizzes found
Score Distribution
Percent of People with Each Score
Percentile by Number Answered
Your Score History
You have not taken this quiz since the last reset